Statistiques concernant Les 10 meilleures nations du Volleyball.

Cliquez ici pour prendre le quiz!

Statistiques générales

  • Ce quiz a été pris 2 495 fois
    (367 depuis la dernière actualisation)
  • Le résultat moyen est 8 sur 10

Statistiques - réponses

RangNationPoints% Correct
8 France351
100%
2 États-Unis315
89%
5 Brésil370
88%
3 Italie327
84%
10 Allemagne352
81%
4 Japon259
78%
6 Argentine288
75%
1 Pologne385
73%
9 Serbie272
47%
7 Slovénie279
37%

Distribution des résultats

Percentile par nombre de réponses

% des personnes avec chaque résultat

Votre développement - résultats

Vous n’avez pas pris ce quiz depuis la dernière actualisation